| 000 | 00899nam a2200265 i 4500 | ||
|---|---|---|---|
| 001 | bg | ||
| 100 | 1 | _aKISILEWICZ, Tomasz | |
| 245 | 1 | 0 |
_aTermorenowacja ścian zewnętrznych budynków : _bpomoc dydaktyczna / _cTomasz Kisilewicz, Edward Królak, Zbigniew Pieniążek ; Politechnika Krakowska im. Tadeusza Kościuszki. |
| 260 |
_aKraków : _bPK, _c1999. |
||
| 300 |
_a59 s. : _brys. ; _c24 cm. |
||
| 504 | _aBibliogr. s. 55-59. | ||
| 650 | 9 |
_aBudownictwo mieszkaniowe _xtechnika |
|
| 650 | 9 |
_aIzolacje cieplne _xbudownictwo |
|
| 655 | _aPodręczniki akademickie | ||
| 700 | 1 | _aKRÓLAK, Edward | |
| 700 | 1 |
_aPIENIĄŻEK, Zbigniew _d(1917-1999) |
|
| 710 | 0 | _aPolitechnika Krakowska im. Tadeusza Kościuszki | |
| 020 | _a8372420246 | ||
| 040 | _cBPK | ||
| 041 | 0 | _apl | |
| 080 | _a699.8::728(075.8) | ||
| 920 | _a83-7242-024-6 | ||
| 942 | _cKS | ||
| 008 | s pl f |000 0 pol | ||
| 999 |
_c38328 _d38328 |
||
| 856 |
_uhttp://koha.tu.koszalin.pl/cgi-bin/koha/opac-detail.pl?biblionumber=38328 _yKatalog online BPK |
||